Introduction to algebraic K-theory
Αποθηκεύτηκε σε:
| Κύριος συγγραφέας: | |
|---|---|
| Μορφή: | Βιβλίο |
| Γλώσσα: | English |
| Δημοσίευση: |
Princeton, N.J. :
Princeton University Press,
1971
|
| Σειρά: | Annals of mathematics studies ;
; 72 |
| Θέματα: | |
| Ετικέτες: |
Προσθήκη ετικέτας
Δεν υπάρχουν, Καταχωρήστε ετικέτα πρώτοι!
|
MARC
| LEADER | 00000nam a2200000 i 4500 | ||
|---|---|---|---|
| 001 | 1/56111 | ||
| 008 | 941103s1971 eng d | ||
| 020 | |a 0-691-08101-8 | ||
| 035 | |a 1993 |c ΤΣΑΠΟΓΑΣ |l 10045472 | ||
| 035 | |a 1993 | ||
| 040 | |a GR-MY-UA |b gre |e aacr | ||
| 041 | 0 | |a eng | |
| 082 | 0 | |a 512.4 | |
| 100 | 1 | |a Milnor, John Willard |d 1931- | |
| 245 | 1 | 0 | |a Introduction to algebraic K-theory / |c by John Milnor |
| 260 | |a Princeton, N.J. : |b Princeton University Press, |c 1971 | ||
| 300 | |a xiii, 184 σ.; |c 24 εκ. | ||
| 490 | 1 | |a Annals of mathematics studies |v ; 72 | |
| 504 | |a Περιέχει ευρετήριο | ||
| 650 | 0 | 0 | |a Associative rings. |
| 650 | 0 | 0 | |a Abelian groups. |
| 650 | 0 | 0 | |a Functor theory. |
| 830 | 0 | |a Annals of mathematics studies ; |v ; 72 | |
| 852 | |a INST |b SAMOS |e 19941103 |h 512.4 MIL |p 005300002852 |q 005300002852 |t BK |y 0 | ||
| 852 | |a INST |b SAMOS |e 19941103 |h 512.4 MIL |p 005300006424 |q 005300006424 |t BK |y 0 | ||
| 909 | |a Σ |b 026888 | ||
| 909 | |a Σ |b 030893 | ||